Is Malaysian an islamic state? : secularism and theocracy-a study of the Malaysian consitution

Bibliographic Details
Other Authors: Abdul Razak Baginda, Schier, Peter
Format: Book
Published: Kuala Lumpur : Malaysian Strategic Research Centre , 19--?
Subjects:

MARC

LEADER 00000cam a2200000 7i4500
001 0000075025
005 20040121.0
020 |a 9839783157 
090 0 0 |a 297.27209595   |b MAL 
245 0 3 |a Is Malaysian an islamic state? :   |b secularism and theocracy-a study of the Malaysian consitution   |c edited by Abdul Razak Baginda, Peter Schier 
260 |a Kuala Lumpur :   |b Malaysian Strategic Research Centre ,   |c 19--? 
300 |a 113p. ;   |c 23cm. 
650 0 0 |a Islam and politics   |z Malaysia 
650 0 0 |a Islam and state   |z Malaysia 
700 0 |a Abdul Razak Baginda 
700 1 |a Schier, Peter 
999 |a 00164246   |b BUKU   |c MALAYSIANA   |e PERPUSTAKAAN KOMUNITI PETALING JAYA 
999 |a 00164247   |b BUKU   |c MALAYSIANA   |e PERPUSTAKAAN KOMUNITI PETALING JAYA 
999 |a 00164248   |b BUKU   |c PINJAMAN   |e PERPUSTAKAAN KOMUNITI PETALING JAYA